1 Billion streams club : Ariana Grande - Statistics

General Stats
  • This quiz has been taken 57 times
  • The average score is 17 of 22
Answer Stats
Album Song Streams % Correct
Thank U, Next 7 rings 2.8B
90%
Thank U, Next thank u, next 2.2B
90%
Dangerous Woman Dangerous Woman 1.6B
88%
Positions positions 1.7B
86%
After Hours (deluxe)(ft. The Weeknd) Save Your Tears 2.2B
86%
Chromatica(ft. Lady Gaga) Rain On Me 1.2B
83%
My Everything(ft. The Weeknd) Love Me Harder 1.4B
81%
Sweetener no tears left to cry 1.5B
81%
Dangerous Woman(ft. Nicki Minaj) Side To Side 1.8B
81%
Sweet Talker(ft. Jessie J and Nicki Minaj) Bang Bang 1.7B
79%
Dangerous Woman Into You 1.9B
79%
My Everything(ft. Iggy Azalea) Problem 1.1B
79%
Eternal Sunshine we can't be friends 1.9B
76%
Positions 34+35 1.1B
74%
Everything Changed...(ft. Social House) boyfriend 1.0B
74%
My Everything(ft. Zedd) Break Free 1.2B
74%
Sweetener God is a woman 1.2B
74%
Single(ft. Justin Bieber) Stuck with U 1.4B
74%
My Everything One Last Time 2.0B
71%
Starboy (deluxe)(ft. The Weeknd) Die For You 1.3B
69%
Thank U, Next break up with your girlfriend, i'm bored 1.1B
60%
Single Santa Tell Me 1.5B
43%
No matching quizzes found
Score Distribution
Percent of People with Each Score
Percentile by Number Answered
Your Score History
You have not taken this quiz